One Piece Epiphets - Statistics

General Stats
  • This quiz has been taken 381 times
  • The average score is 26 of 50
Answer Stats
Hint Answer % Correct
Blackbeard Marshall D. Teach
80%
Red-Haried Shanks
80%
Cotton Candy Lover Chopper
79%
Straw Hat Monkey D. Luffy
79%
Devil Child Nico Robin
76%
the Buddha Sengoku
76%
Surgeon of Death Trafalgar Law
76%
the Star Clown Buggy
72%
Diamond Jozu
72%
of the Beasts Kaidou
67%
Gang Capone Bege
66%
World's Worst Criminal Monkey D. Dragon
66%
Tyrant Bartholomew Kuma
65%
Ghost Princess Perona
64%
Flame Emperor Sabo
64%
the Golden Lion Shiki
62%
God Usopp
61%
The Fist Monkey D. Garp
59%
the Hyena Bellamy
58%
Silver Fox Foxy
58%
Knight of the Sea Jinbei
57%
Desert King Sir Crocodile
57%
of the Rain Shiryu
56%
of the White Horse Cavendish
54%
Captain Eustass Kid
52%
of a Hundred Plans Kuro
51%
Wet-Haired Caribou
50%
Ruler of the East Blue Don Krieg
50%
Champion Jesus Burgess
50%
the Plague Queen
50%
the Drought Jack
49%
Big Eater Jewelry Bonney
49%
the White Hunter Smoker
47%
the Cannibal Bartolomeo
43%
the Undefeated Woman Rebecca
43%
Continent Puller Oars
41%
Miracle Person Emporio Ivankov
40%
Ruler of Night Nekomamushi
40%
Ruler of Day Inuarashi
39%
Colossal Battleship Sanjuan Wolf
34%
Gourmet Knight Streusen
32%
the Conflagration King
31%
Demon Sheriff Lafitte
31%
Idiot Lord Kouzuki Oden
29%
Massacre Soldier Killer
28%
Demon Bamboo Vergo
28%
Thousand Arms Charlotte Cracker
27%
Red Flag X-Drake
27%
Massacre Weapon Rob Lucci
22%
Mountain Wind Kaku
17%
No matching quizzes found
Score Distribution
Percent of People with Each Score
Percentile by Number Answered
Your Score History
You have not taken this quiz